[Event "Nationale Pupillendag 2014"]
[Site "Roosendaal"]
[Date "2014.06.21"]
[Round "2.4"]
[White "Van Steenoven, Cat F04: Luuk"]
[Black "Kien, Clovis"]
[Result "1-0"]
[WhiteElo "1037"]
[BlackElo "639"]
[PlyCount "81"]
[EventDate "2014.??.??"]
[WhiteClock "0:08:20"]
[BlackClock "0:09:09"]

1. e4 e5 2. Nf3 Nc6 3. d4 exd4 4. Nxd4 Nf6 5. Nc3 Bc5 6. Be3 Bxd4 7. Bxd4 d6 8.
Bc4 Be6 9. Be2 O-O 10. O-O Re8 11. f4 Bd7 12. Bf3 Re6 13. b3 Qe7 14. Bxf6 Qxf6
15. Nd5 Qd4+ 16. Qxd4 Nxd4 17. Nxc7 Rc8 18. Nxe6 Bxe6 19. c4 Nc2 20. Rac1 Nb4
21. Rcd1 Rd8 22. Rd2 Bc8 23. e5 Bf5 24. exd6 Bd3 25. Re1 g6 26. Be4 Rxd6 27.
Red1 Re6 28. Bxd3 Rf6 29. g3 Rd6 30. Be4 Rb6 31. Rd7 Nxa2 32. Rxb7 Nc3 33. Rxb6
axb6 34. Rd8+ Kg7 35. Bd5 Ne2+ 36. Kf2 Nd4 37. Rd7 Kh6 38. Bxf7 Nxb3 39. Bg8
Kh5 40. Rxh7+ Kg4 41. Be6# 1-0

[Event "Nationale Pupillendag 2014"]
[Site "Roosendaal"]
[Date "2014.06.21"]
[Round "2.5"]
[White "Boghossian, Cat F05: Wahe"]
[Black "Beukema, Constantijn"]
[Result "1/2-1/2"]
[WhiteElo "626"]
[BlackElo "922"]
[PlyCount "100"]
[EventDate "2014.??.??"]
[WhiteClock "0:11:59"]
[BlackClock "0:07:38"]

1. e4 e5 2. Nf3 Nc6 3. Bc4 Bc5 4. O-O Nf6 5. Nc3 O-O 6. d3 h6 7. h3 d6 8. Re1
Be6 9. Bxe6 fxe6 10. Be3 Bb6 11. d4 exd4 12. Nxd4 Nxd4 13. Bxd4 Bxd4 14. Qxd4
e5 15. Qd1 Re8 16. f3 c6 17. a4 d5 18. exd5 cxd5 19. f4 e4 20. Qd4 Qb6 21. Rad1
Qxd4+ 22. Rxd4 Rad8 23. b4 b6 24. g4 g5 25. fxg5 hxg5 26. Rf1 Kg7 27. Rfd1 Re5
28. Re1 Kg6 29. Kg2 Rf8 30. Ne2 a6 31. c4 dxc4 32. Rxc4 b5 33. axb5 axb5 34.
Rc5 Rxc5 35. bxc5 Rc8 36. Nc3 Rxc5 37. Nxe4 Rc2+ 38. Kf3 Nxe4 39. Rxe4 Rc3+ 40.
Ke2 Rxh3 41. Rb4 Rh4 42. Kf3 Rh3+ 43. Kg2 Rh4 44. Kf3 Rh3+ 45. Kg2 Rc3 46. Rxb5
Rc2+ 47. Kf3 Rc3+ 48. Kg2 Rc2+ 49. Kf3 Rc3+ 50. Kg2 Rc2+ 1/2-1/2

[Event "Nationale Pupillendag 2014"]
[Site "Roosendaal"]
[Date "2014.06.21"]
[Round "2.6"]
[White "Reina, Cat F06: Leon"]
[Black "Raulji, Kavya"]
[Result "1-0"]
[WhiteElo "888"]
[BlackElo "590"]
[PlyCount "41"]
[EventDate "2014.??.??"]
[WhiteClock "0:18:06"]
[BlackClock "0:14:51"]

1. e4 e5 2. Nf3 Nc6 3. Nc3 Bc5 4. Bb5 a6 5. Bxc6 bxc6 6. O-O d6 7. d3 Nf6 8.
Bg5 h6 9. Bh4 O-O 10. d4 exd4 11. Nxd4 Bxd4 12. Qxd4 Be6 13. Rad1 c5 14. Qe3
Bg4 15. f3 Bh5 16. e5 Bg6 17. exf6 gxf6 18. Qxh6 Rb8 19. Nd5 Bh7 20. Bxf6 Qd7
21. Qg7# 1-0

[Event "Nationale Pupillendag 2014"]
[Site "Roosendaal"]
[Date "2014.06.21"]
[Round "2.7"]
[White "Allaart, Cat F07: Janne"]
[Black "Van Foreest, Tristan"]
[Result "0-1"]
[WhiteElo "615"]
[BlackElo "866"]
[PlyCount "58"]
[EventDate "2014.??.??"]
[WhiteClock "0:15:07"]
[BlackClock "0:18:09"]

1. e4 e5 2. Nf3 Nc6 3. Bc4 Nf6 4. Nc3 Bc5 5. d3 d6 6. h3 b6 7. Bg5 Bb7 8. O-O
Qe7 9. Nd5 Qd8 10. Nxf6+ gxf6 11. Bh4 Rg8 12. Qd2 Qd7 13. Bg3 Nd4 14. Nxd4 exd4
15. c3 dxc3 16. Qxc3 O-O-O 17. Qxf6 d5 18. exd5 Bxd5 19. Bxd5 Qxd5 20. Rfd1
Rxg3 21. Kf1 Qxg2+ 22. Ke1 Bxf2+ 23. Qxf2 Re8+ 24. Kd2 Qxf2+ 25. Kc3 Qc5+ 26.
Kb3 a5 27. Rac1 Qb4+ 28. Kc2 Re2+ 29. Kb1 Qxb2# 0-1

[Event "Nationale Pupillendag 2014"]
[Site "Roosendaal"]
[Date "2014.06.21"]
[Round "2.8"]
[White "Van Cleef, Cat F08: Matteo"]
[Black "Pols, Lennart"]
[Result "1-0"]
[WhiteElo "862"]
[BlackElo "563"]
[PlyCount "57"]
[EventDate "2014.??.??"]
[WhiteClock "0:13:14"]
[BlackClock "0:15:12"]

1. e4 e5 2. Nf3 Nc6 3. Bc4 Be7 4. O-O Nf6 5. d3 d6 6. c3 Bg4 7. d4 exd4 8. cxd4
Nxe4 9. Qb3 Bxf3 10. Bxf7+ Kd7 11. Qxf3 Rf8 12. Be6+ Kxe6 13. Qxe4+ Kd7 14.
Qxh7 Nxd4 15. Be3 Ne6 16. Nc3 c6 17. Rfe1 Bf6 18. Qh3 Re8 19. Rad1 Kc7 20. Bf4
Bxc3 21. bxc3 Nxf4 22. Qg4 Rxe1+ 23. Rxe1 Nd5 24. Qxg7+ Kb6 25. c4 Nc3 26. Qxc3
Qg8 27. Qb4+ Ka6 28. Re7 b6 29. Qa4# 1-0

[Event "Nationale Pupillendag 2014"]
[Site "Roosendaal"]
[Date "2014.06.21"]
[Round "2.9"]
[White "Klaren, Cat F09: Duncan"]
[Black "Valstar, Boaz"]
[Result "0-1"]
[WhiteElo "573"]
[BlackElo "813"]
[PlyCount "94"]
[EventDate "2014.??.??"]
[WhiteClock "0:15:46"]
[BlackClock "0:16:42"]

1. e4 e5 2. Nf3 Nc6 3. Nc3 Nf6 4. Bc4 h6 5. d3 d6 6. Be3 Bd7 7. O-O Be7 8. h3
O-O 9. a3 a6 10. d4 exd4 11. Nxd4 Nxd4 12. Bxd4 c5 13. Be3 Qc8 14. b4 cxb4 15.
Qd3 bxc3 16. Qxc3 Bb5 17. a4 Bxc4 18. Rfb1 Ba2 19. Qxc8 Raxc8 20. Rxa2 Nxe4 21.
Rxb7 Bf6 22. f3 Nc3 23. Ra1 Nd5 24. Re1 Nxe3 25. Rxe3 Bd4 26. Rbb3 Bxe3+ 27.
Rxe3 Rfe8 28. Rd3 Red8 29. a5 Rxc2 30. f4 Rb8 31. Rxd6 Rbb2 32. Rd8+ Kh7 33.
Kh2 Rxg2+ 34. Kh1 Rge2 35. Rd1 Rbd2 36. Rxd2 Rxd2 37. f5 Ra2 38. h4 Rxa5 39. h5
Rb5 40. f6 Rb2 41. fxg7 Kxg7 42. Kg1 a5 43. Kf1 a4 44. Ke1 a3 45. Kd1 Rh2 46.
Kc1 a2 47. Kd1 a1=Q# 0-1

[Event "Nationale Pupillendag 2014"]
[Site "Roosendaal"]
[Date "2014.06.21"]
[Round "2.10"]
[White "Schouwenaars, Cat F10: Hein"]
[Black "Ten Hacken, Louis"]
[Result "1-0"]
[WhiteElo "749"]
[BlackElo "549"]
[PlyCount "48"]
[EventDate "2014.??.??"]
[WhiteClock "0:14:20"]
[BlackClock "0:13:47"]

1. e4 e5 2. Nf3 d6 3. Bc4 Nf6 4. Ng5 Be6 5. Bxe6 fxe6 6. Nxe6 Qe7 7. Nxf8 Qxf8
8. Nc3 Qe7 9. O-O Qd7 10. d3 d5 11. Bg5 dxe4 12. dxe4 Qxd1 13. Raxd1 Nbd7 14.
Bxf6 Nxf6 15. Nd5 Nxd5 16. Rxd5 {O-O-O Rxe5 [%clk 0:15:47] Rd2 [%clk 0:17:43]
Rc1 [%clk 0:14:58] Rhd8 [%clk 0:17:34] h3 [%clk 0:14:48]} Rf8 {Rf5 [%clk 0:14:
18] Re8 [%clk 0:17:04] Rg5 [%clk 0:13:54] Rxe4 [%clk 0:17:00] Rxg7 [%clk 0:13:
51] Rc4 [%clk 0:16:52]} 17. Re1 b6 {Rxh7 [%clk 0:13:27] Rdxc2 [%clk 0:16:38]
Rh8+ [%clk 0:12:56] Kb7 [%clk 0:16:34]} 18. Rb1 {Rc1+ [%clk 0:16:30] Rxc1 
[%clk 0:12:38] Rxc1+ [%clk 0:16:29] Kh2 Rc2 f4 [%clk 0:12:33] Rxb2 [%clk 0:16:
27] f5 [%clk 0:12:32]} Rxf2 {Rf8 [%clk 0:12:28] Kc6 [%clk 0:16:17] Kg3 [%clk 0:
12:18]} 19. Rf1 {Kg4 [%clk 0:12:11] Kd6 [%clk 0:16:11] Kg5 [%clk 0:12:06]} Ke7
{Rf6 [%clk 0:11:54] c5 [%clk 0:15:58]} 20. h4 {c4 [%clk 0:15:57] Rc6 [%clk 0:
11:21]} b5 21. h5 {Rf2 [%clk 0:15:44] f6+ [%clk 0:11:01]} Kf7 {Rc7+ [%clk 0:10:
59] Ke6 [%clk 0:15:10] Rc6+ [%clk 0:10:53] Kd7 [%clk 0:15:04]} 22. Rc5 {Rxg2+ 
[%clk 0:14:59] Kf5 [%clk 0:10:32] Rf2+ [%clk 0:14:56] Kg6 [%clk 0:10:29] Rxa2 
[%clk 0:14:34] Rxb5 [%clk 0:10:15] c3 [%clk 0:14:33] f7 [%clk 0:10:09]} Ke7 {
Rb8 [%clk 0:10:03]} 23. Rxf2 Re8 {Kd6 [%clk 0:14:11] f8=Q+} 24. Rf8 Rxf8 {Kd5
Rf1 [%clk 0:09:29]} 1-0

[Event "Nationale Pupillendag 2014"]
[Site "Roosendaal"]
[Date "2014.06.21"]
[Round "2.11"]
[White "Van den Dool, Cat F11: Kirsten"]
[Black "Sahin, Loran"]
[Result "0-1"]
[WhiteElo "272"]
[BlackElo "733"]
[PlyCount "71"]
[EventDate "2014.??.??"]
[WhiteClock "0:11:32"]
[BlackClock "0:14:09"]

1. e4 e5 2. Bc4 Nc6 3. Qf3 Nf6 4. d3 Nd4 5. Qd1 Bc5 6. Nc3 Nc6 7. Nf3 Ng4 8.
O-O O-O 9. Ng5 Nf6 10. Nd5 d6 11. Nxf6+ Qxf6 12. Qf3 Qxf3 13. Nxf3 h6 14. h3
Ne7 15. Bd5 c6 16. Bc4 d5 17. exd5 cxd5 18. Bb3 f6 19. c4 Rd8 20. cxd5 Nxd5 21.
Bxd5+ Rxd5 22. Be3 Bxe3 23. fxe3 Rxd3 24. e4 Be6 25. Rad1 Rxd1 26. Rxd1 Bxa2
27. Ra1 Be6 28. Rc1 Kf8 29. Rc7 Rb8 30. Nh4 Bf7 31. Nf5 a6 32. Nd6 Be6 33. Kf1
Bf5 34. exf5 b5 35. Ra7 Rb6 36. Ra8+ {Kf7 [%clk 0:14:06] Ra7+ [%clk 0:11:23]
Kg8 [%clk 0:14:05] Ra8+ [%clk 0:11:15] Kh7 [%clk 0:14:04] b4 [%clk 0:11:04] h5
[%clk 0:14:00] g4 [%clk 0:11:02] hxg4 [%clk 0:13:58] hxg4 [%clk 0:11:01] Kh6 
[%clk 0:13:57] Kg2 [%clk 0:10:57] Kg5 [%clk 0:13:55] Kg3 [%clk 0:10:53] e4 
[%clk 0:13:54] Kf2 [%clk 0:10:38] Kxg4 [%clk 0:13:53] Ke3 [%clk 0:10:36] Kxf5 
[%clk 0:13:51] Re8+ [%clk 0:10:20]} 0-1

[Event "Nationale Pupillendag 2014"]
[Site "Roosendaal"]
[Date "2014.06.21"]
[Round "2.13"]
[White "Geelhoed, Cat G01: Merel"]
[Black "Tjong tjin Joe, Wesley"]
[Result "0-1"]
[WhiteElo "379"]
[BlackElo "735"]
[PlyCount "93"]
[EventDate "2014.??.??"]
[WhiteClock "0:17:08"]
[BlackClock "0:17:22"]

1. e4 e5 2. Nf3 Nc6 3. Nc3 Nf6 4. Bc4 Nxe4 5. Nxe4 d5 6. Bxd5 Qxd5 7. Neg5 e4
8. O-O exf3 9. Qxf3 Qxg5 10. d3 Nd4 11. Bxg5 Nxf3+ 12. gxf3 Bh3 13. Rfe1+ Kd7
14. a4 Re8 15. Rxe8 Kxe8 16. c3 Be7 17. Bxe7 Kxe7 18. b4 Rd8 19. Rd1 Rd6 20. a5
Rg6+ 21. Kh1 Bg2+ 22. Kg1 Bxf3+ 23. Kf1 Bxd1 24. Ke1 Ba4 25. c4 Rf6 26. b5 b6
27. a6 Re6+ 28. Kd2 Rf6 29. Ke1 Rh6 30. d4 Rxh2 31. Ke2 Rh4 32. Kd3 Kd6 33. c5+
bxc5 34. dxc5+ Kxc5 35. Kc3 Kxb5 36. Kd2 Kxa6 37. Ke2 Rh2 38. Kf3 Bc6+ 39. Kg3
Rxf2 40. Kxf2 Kb5 41. Ke2 a5 42. Kd2 a4 43. Kc2 h5 44. Kd2 h4 45. Ke2 a3 46.
Kf2 a2 {Kg2 [%clk 0:17:19] a1=R+ [%clk 0:17:20] Kh3 [%clk 0:17:13] Rg1 [%clk 0:
17:16] Kxh4 [%clk 0:17:08] Kc4 [%clk 0:17:13] Kh5 [%clk 0:17:06] Ba4 Kh4 [%clk
0:17:04] Kd3 [%clk 0:17:10] Kh3 [%clk 0:17:00]} 47. Ke2 {Kh2 [%clk 0:16:56]
Kf2 [%clk 0:17:04] Kh3 [%clk 0:16:51] c5 [%clk 0:16:52] Kh2 [%clk 0:16:47] c4 
[%clk 0:16:48] Kh3 [%clk 0:16:46] c3 [%clk 0:16:47] Kh4 [%clk 0:16:45] c2 
[%clk 0:16:45] Kh5 [%clk 0:16:41] c1=Q [%clk 0:16:39] Kh4 [%clk 0:16:39] Qh6# 
[%clk 0:16:34]} 0-1

[Event "Nationale Pupillendag 2014"]
[Site "Roosendaal"]
[Date "2014.06.21"]
[Round "2.14"]
[White "Honkoop, Cat G02: Stella"]
[Black "Warnaar, Tim"]
[Result "0-1"]
[WhiteElo "658"]
[BlackElo "424"]
[PlyCount "92"]
[EventDate "2014.??.??"]
[WhiteClock "0:09:54"]
[BlackClock "0:14:24"]

1. e4 e5 2. Nf3 Nc6 3. d4 Nf6 4. Nc3 Bb4 5. d5 Bxc3+ 6. bxc3 Na5 7. Bd3 O-O 8.
O-O d6 9. Bg5 Bg4 10. h3 h6 11. hxg4 hxg5 12. Nxg5 Nd7 13. Nf3 Nc5 14. Qd2 f6
15. g5 c6 16. dxc6 bxc6 17. Rab1 d5 18. exd5 cxd5 19. gxf6 Rxf6 20. Nxe5 Qd6
21. Ng4 Rf7 22. Bg6 Qxg6 23. Qxd5 Rc8 24. Ne5 Qg5 25. Nxf7 Qxd5 26. Rb5 Qxf7
27. Rxa5 Qh5 28. Rxa7 Rc6 29. Rd1 Rh6 30. Ra8+ Kh7 31. f3 Qh1+ 32. Kf2 Qxd1 33.
Ra5 Qd5 34. Ke3 Re6+ 35. Kf2 Ne4+ 36. fxe4 Qxa5 37. Ke3 Qe5 38. Kd2 Rd6+ 39.
Ke3 Re6 40. Kd2 Qxe4 41. Kc1 Qe3+ 42. Kb2 Rb6+ 43. Ka3 Qc5+ 44. Ka4 Ra6+ 45.
Kb3 Ra5 46. c4 Qa3# 0-1

[Event "Nationale Pupillendag 2014"]
[Site "Roosendaal"]
[Date "2014.06.21"]
[Round "2.15"]
[White "Sturm, Cat G03: Laurens"]
[Black "Zubair, Muhammad Saad"]
[Result "1-0"]
[WhiteElo "362"]
[BlackElo "616"]
[PlyCount "111"]
[EventDate "2014.??.??"]
[WhiteClock "0:17:01"]
[BlackClock "0:17:10"]

1. e4 e5 2. Nf3 Nc6 3. Bc4 Bc5 4. Nc3 Nf6 5. Nd5 Nxd5 6. exd5 Na5 7. d3 Nxc4 8.
dxc4 d6 9. Be3 Bxe3 10. fxe3 Bg4 11. O-O Bxf3 12. Qxf3 Qf6 13. Qxf6 gxf6 14.
Rxf6 Rd8 15. Raf1 Rd7 16. b4 Rg8 17. e4 Rg4 18. Re1 Ke7 19. Rh6 Rg7 20. c5 dxc5
21. bxc5 b6 22. cxb6 cxb6 23. c4 Rd6 24. Rxd6 Kxd6 25. a4 Kc5 26. Rc1 Rg4 27.
Rf1 Rf4 28. Rxf4 exf4 29. g3 fxg3 30. hxg3 Kxc4 31. d6 Kb4 32. d7 Kxa4 33. d8=Q
b5 34. Qd4+ b4 35. Qxa7+ Kb3 36. Qxf7+ Kc3 37. Qg7+ Kc2 38. Qxh7 b3 39. e5+ Kc3
40. Qc7+ Kd4 41. Qb6+ Kxe5 42. Qxb3 Kf5 43. Kf2 Kg4 44. Qe3 Kf5 45. Kg2 Kg4 46.
Qf4+ Kh5 47. Kh3 Kg6 48. Kg2 Kh5 49. Kh3 Kg6 50. Kh4 Kh7 51. Qg5 Kh8 52. Kg4
Kh7 53. Kf5 Kh8 54. Ke6 Kh7 55. Kf7 Kh8 56. Qg7# 1-0

[Event "Nationale Pupillendag 2014"]
[Site "Roosendaal"]
[Date "2014.06.21"]
[Round "2.16"]
[White "Harchaoui, Cat G04: Amin"]
[Black "Van Thienen, Puck"]
[Result "1-0"]
[WhiteElo "539"]
[BlackElo "376"]
[PlyCount "73"]
[EventDate "2014.??.??"]
[WhiteClock "0:15:40"]
[BlackClock "0:18:19"]

1. e4 e5 2. Nf3 Nc6 3. Nc3 Nf6 4. Bc4 Bb4 5. O-O Bxc3 6. bxc3 Nxe4 7. Qe1 Ng5
8. d3 Nxf3+ 9. gxf3 Qg5+ 10. Kh1 O-O 11. Bxg5 h6 12. Bd2 e4 13. Qxe4 d6 14. d4
Be6 15. Bd3 g6 16. Rg1 Bf5 17. Qe1 Bxd3 18. cxd3 Rae8 19. Qb1 b6 20. Bxh6 Re2
21. Bxf8 Kxf8 22. Rf1 Ne7 23. Re1 Rxf2 24. Qc1 Rxf3 25. Qh6+ Ke8 26. Qh8+ Kd7
27. Qf8 Rxd3 28. Qxe7+ Kc6 29. Qe4+ d5 30. Qxd3 Kb7 31. Qf3 c6 32. Qxf7+ Ka6
33. Qe8 b5 34. Qxc6+ Ka5 35. Reb1 Ka4 36. Qxb5+ Ka3 37. Qb3# 1-0

[Event "Nationale Pupillendag 2014"]
[Site "Roosendaal"]
[Date "2014.06.21"]
[Round "2.17"]
[White "Mang, Cat G05: Dalya"]
[Black "Bruggink, Lyne"]
[Result "0-1"]
[WhiteElo "311"]
[BlackElo "531"]
[PlyCount "34"]
[EventDate "2014.??.??"]
[WhiteClock "0:15:14"]
[BlackClock "0:19:05"]

1. e4 e5 2. Nf3 Nc6 3. Nc3 Bc5 4. Bc4 Nf6 5. O-O d6 6. d3 Bg4 7. Nd5 O-O 8. h3
Bh5 9. Bg5 Nd4 10. Nxf6+ gxf6 11. Bh4 Nxf3+ 12. gxf3 Qd7 13. Qd2 Qxh3 14. Rfe1
Bxf3 15. Qg5+ fxg5 16. Bxf7+ Rxf7 17. Bxg5 Qg2# 0-1

[Event "Nationale Pupillendag 2014"]
[Site "Roosendaal"]
[Date "2014.06.21"]
[Round "2.18"]
[White "Molanus, Cat G06: Florian"]
[Black "Lindenaar, Micha"]
[Result "1-0"]
[WhiteElo "530"]
[BlackElo "285"]
[PlyCount "55"]
[EventDate "2014.??.??"]
[WhiteClock "0:18:00"]
[BlackClock "0:17:39"]

1. e4 e5 2. Nf3 Bc5 3. Nc3 Nc6 4. Bc4 Nf6 5. d3 d6 6. h3 O-O 7. Bg5 Bd7 8. Nd5
Be6 9. Nxf6+ gxf6 10. Bh6 Bxc4 11. dxc4 Na5 12. Bxf8 Qxf8 13. c3 Nxc4 14. b4
Nb2 15. Qc2 Bxb4 16. Qxb2 Bxc3+ 17. Qxc3 Qe8 18. O-O Qc6 19. Qe3 Qb6 20. Qxb6
axb6 21. Rac1 Rxa2 22. Rxc7 Ra7 23. Rb1 f5 24. exf5 f6 25. Rxb6 Ra1+ 26. Kh2
Ra2 27. Rbxb7 Rxf2 28. Rb8# 1-0

[Event "Nationale Pupillendag 2014"]
[Site "Roosendaal"]
[Date "2014.06.21"]
[Round "2.19"]
[White "Muntean, Cat G07: Felix"]
[Black "Shafie, Sina"]
[Result "1-0"]
[WhiteElo "244"]
[BlackElo "529"]
[PlyCount "43"]
[EventDate "2014.??.??"]
[WhiteClock "0:19:16"]
[BlackClock "0:15:52"]

1. e4 e5 2. Bc4 Nc6 3. Nf3 Bc5 4. d3 Nh6 5. Ng5 Qf6 6. d4 Nxd4 7. c3 Ne6 8. Be3
O-O 9. Nxe6 Bxe3 10. fxe3 Qh4+ 11. g3 Qf6 12. Nc5 Ng4 13. Qxg4 d6 14. Na4 Bxg4
15. h3 Bh5 16. g4 Bg6 17. h4 Qf4 18. h5 Qg3+ 19. Kf1 Qf3+ 20. Kg1 Qd1+ 21. Kg2
Qxa4 22. hxg6 {fxg6 [%clk 0:14:40] b3+ [%clk 0:19:14]} 1-0

[Event "Nationale Pupillendag 2014"]
[Site "Roosendaal"]
[Date "2014.06.21"]
[Round "2.21"]
[White "Van Foreest, Cat H01: Machteld"]
[Black "De Boer, Sem"]
[Result "1-0"]
[WhiteElo "874"]
[BlackElo "337"]
[PlyCount "53"]
[EventDate "2014.??.??"]
[WhiteClock "0:15:08"]
[BlackClock "0:17:35"]

1. e4 c5 2. Nf3 Nc6 3. d4 cxd4 4. Nxd4 Nxd4 5. Qxd4 Nf6 6. Nc3 e6 7. Bc4 Qc7 8.
O-O Bc5 9. Qd3 Bb4 10. Bd2 Bxc3 11. Bxc3 Qc5 12. Bd4 Qb4 13. a3 Qd6 14. e5 Qc7
15. exf6 gxf6 16. Bxf6 Qc6 17. Bxh8 d5 18. Bb5 Bd7 19. Bxc6 Bxc6 20. Qg3 Bb5
21. Qg8+ Ke7 22. Qxa8 Bxf1 23. Qxb7+ Kf8 24. Qc8+ Ke7 25. Qc7+ Ke8 26. Bf6 Kf8
27. Qd8# 1-0

[Event "Nationale Pupillendag 2014"]
[Site "Roosendaal"]
[Date "2014.06.21"]
[Round "2.22"]
[White "Huang, Cat H02: Wendy"]
[Black "Han, Yichen"]
[Result "0-1"]
[WhiteElo "364"]
[BlackElo "586"]
[PlyCount "70"]
[EventDate "2014.??.??"]
[WhiteClock "0:06:00"]
[BlackClock "0:18:37"]

1. e4 e5 2. Nf3 Nc6 3. Bc4 Bc5 4. O-O d6 5. d3 Bg4 6. h3 Bh5 7. g4 Bg6 8. Bg5
f6 9. Be3 Bb6 10. Bxb6 cxb6 11. Nh4 Nge7 12. Nxg6 Nxg6 13. Bb5 Nf4 14. Bxc6+
bxc6 15. Qf3 Qd7 16. Re1 h5 17. Kh2 hxg4 18. Rf1 Rxh3+ 19. Qxh3 gxh3 20. Rg1 g5
21. f3 O-O-O 22. Kh1 Rh8 23. Nd2 h2 24. Rg4 Qh7 25. Nf1 Ne2 26. Rg2 Nd4 27.
Rxh2 Qg7 28. Rxh8+ Qxh8+ 29. Kg1 Nxf3+ 30. Kf2 Nd4 31. Ng3 Qh2+ 32. Kf1 Qxg3
33. Re1 Nf3 34. Re3 g4 35. Ke2 Qe1# 0-1

[Event "Nationale Pupillendag 2014"]
[Site "Roosendaal"]
[Date "2014.06.21"]
[Round "2.23"]
[White "Kutchoukov, Cat H03: Thomas"]
[Black "Van Cleef, Daniel"]
[Result "1-0"]
[WhiteElo "503"]
[BlackElo "239"]
[PlyCount "56"]
[EventDate "2014.??.??"]
[WhiteClock "0:17:25"]
[BlackClock "0:16:51"]

1. e4 e5 2. Nf3 Nc6 3. Bc4 Bc5 4. O-O Nge7 5. Nc3 O-O 6. Re1 d6 7. d3 Bg4 8. h3
Bxf3 9. Qxf3 a6 10. Be3 b5 11. Bb3 Bxe3 12. fxe3 Nb4 13. d4 exd4 14. exd4 c5
15. dxc5 dxc5 16. a3 c4 17. Ba2 Nxc2 18. Red1 Qc8 19. Rac1 b4 20. Rxc2 bxc3 21.
Rxc3 Rb8 22. Rxc4 Qb7 23. Rb4 Qa8 24. Rxb8 Qxb8 25. b4 a5 26. bxa5 Qb2 27. Bc4
Qc2 28. Bd3 Qc7 1-0

[Event "Nationale Pupillendag 2014"]
[Site "Roosendaal"]
[Date "2014.06.21"]
[Round "2.24"]
[White "Van Foreest, Cat H04: Nanne"]
[Black "Kanbier, Djezzmonde"]
[Result "1-0"]
[WhiteElo "501"]
[BlackElo "125"]
[PlyCount "39"]
[EventDate "2014.??.??"]
[WhiteClock "0:19:36"]
[BlackClock "0:19:52"]

1. e4 e5 2. Nf3 Nc6 3. Bc4 Nd4 4. Nxd4 exd4 5. Qf3 Qe7 6. Nc3 dxc3 7. dxc3 Nf6
8. Bg5 Qc5 9. Bd3 g6 10. Qxf6 Be7 11. Qxh8+ Bf8 12. Bf6 d6 13. Bg7 Be6 14.
Qxf8+ Kd7 15. Qxa8 Qb6 16. Bf6 Kc6 17. Qe8+ Kc5 18. Qa4 Qb5 19. Bd4+ Kc6 20.
Qxb5# {Kd5} 1-0

[Event "Nationale Pupillendag 2014"]
[Site "Roosendaal"]
[Date "2014.06.21"]
[Round "3.1"]
[White "Garceran Wang, Cat F01: Miguel Ang"]
[Black "Van Cleef, Matteo"]
[Result "1-0"]
[WhiteElo "1168"]
[BlackElo "862"]
[PlyCount "55"]
[EventDate "2014.??.??"]
[WhiteClock "0:06:25"]
[BlackClock "0:14:06"]

1. d4 Nf6 2. Nc3 d5 3. Bg5 Nc6 4. f3 g6 5. Qd2 Bg7 6. O-O-O O-O 7. e3 Bd7 8.
Bd3 b5 9. Bxb5 Rb8 10. Nge2 Qc8 11. h4 h5 12. Rdg1 Qb7 13. Bxf6 Bxf6 14. g4 a6
15. gxh5 Kh7 16. hxg6+ fxg6 17. Nf4 Rg8 18. h5 axb5 19. hxg6+ Kg7 20. Rh7+ Kf8
21. Qh2 Bf5 22. Qh5 Be6 23. Nxe6+ Ke8 24. g7+ Kd7 25. Nc5+ Kc8 26. Qf7 Qb6 27.
Qe6+ Kd8 28. Qd7# 1-0

[Event "Nationale Pupillendag 2014"]
[Site "Roosendaal"]
[Date "2014.06.21"]
[Round "3.2"]
[White "Pham, Cat F02: Khoi"]
[Black "Schouwenaars, Hein"]
[Result "1-0"]
[WhiteElo "1054"]
[BlackElo "749"]
[PlyCount "71"]
[EventDate "2014.??.??"]

1. e4 e5 2. Nc3 Nf6 3. f4 exf4 4. Nf3 Bd6 5. e5 Qe7 6. Qe2 Bxe5 7. Qxe5 Nc6 8.
Qxe7+ Nxe7 9. Bc4 O-O 10. O-O d5 11. Bd3 c5 12. b3 Be6 13. Bb2 c4 14. bxc4 dxc4
15. Be4 Rab8 16. Ng5 Bf5 17. Bxf5 Nxf5 18. Rxf4 Nd6 19. Nce4 Nd5 20. Rg4 Nf5
21. Rf1 Nde7 22. Ng3 Nh6 23. Rxc4 b5 24. Rcf4 Rbc8 25. Ba3 Ng6 26. R4f2 Rfe8
27. Nxf7 Nxf7 28. Rxf7 Rxc2 29. Bb4 Rc4 30. Bc3 Rxc3 31. dxc3 Ne5 32. Rxa7 Nc4
33. Nh5 Ne3 34. Rff7 Nf5 35. Rxf5 Rf8 36. Rxg7+ 1-0

[Event "Nationale Pupillendag 2014"]
[Site "Roosendaal"]
[Date "2014.06.21"]
[Round "3.5"]
[White "Van Foreest, Cat F05: Tristan"]
[Black "Kutchoukov, Daniel"]
[Result "0-1"]
[WhiteElo "866"]
[BlackElo "1152"]
[PlyCount "62"]
[EventDate "2014.??.??"]
[WhiteClock "0:15:35"]
[BlackClock "0:14:43"]

1. e4 c6 2. Nf3 d5 3. exd5 cxd5 4. Nc3 Nf6 5. d4 Bg4 6. Bb5+ Nc6 7. h3 Bh5 8.
g4 Bg6 9. Ne5 Rc8 10. Nxg6 hxg6 11. Qf3 a6 12. Ba4 e6 13. Bg5 b5 14. Bb3 Nxd4
15. Qd3 Bc5 16. O-O-O Nxb3+ 17. cxb3 b4 18. Ne2 Be3+ 19. Kb1 Bxg5 20. Qxa6 Qc7
21. Nd4 O-O 22. h4 Bf4 23. g5 Ne4 24. Ka1 Nxf2 25. Rdf1 Nxh1 26. a3 Ra8 27. Qe2
Be5 28. Rxh1 Bxd4 29. h5 bxa3 30. hxg6 axb2+ 31. Kb1 Ra1# 0-1

[Event "Nationale Pupillendag 2014"]
[Site "Roosendaal"]
[Date "2014.06.21"]
[Round "3.6"]
[White "Beukema, Cat F06: Constantij"]
[Black "Bleeker, Kasper"]
[Result "0-1"]
[WhiteElo "922"]
[BlackElo "720"]
[PlyCount "58"]
[EventDate "2014.??.??"]
[WhiteClock "0:07:53"]
[BlackClock "0:13:35"]

1. e4 e5 2. Nf3 Nc6 3. d4 exd4 4. Nxd4 Nxd4 5. Qxd4 Nf6 6. Bc4 c5 7. Qd3 Be7 8.
O-O O-O 9. Be3 a6 10. Nc3 b5 11. Bd5 Rb8 12. a3 b4 13. Na4 Qa5 14. Bb3 bxa3 15.
bxa3 Re8 16. Bf4 Rb7 17. Bd2 c4 18. Bxa5 cxd3 19. Bb6 Nxe4 20. Be3 d6 21. cxd3
Nxf2 22. Bxf7+ Kxf7 23. Rxf2+ Kg8 24. Rff1 Bd7 25. Nb6 Bb5 26. Nc4 d5 27. Nb2
Bf6 28. Rab1 Rxe3 29. Rfd1 Bg5 0-1

[Event "Nationale Pupillendag 2014"]
[Site "Roosendaal"]
[Date "2014.06.21"]
[Round "3.9"]
[White "Kien, Cat F09: Clovis"]
[Black "Broeders, Thijs"]
[Result "1-0"]
[WhiteElo "639"]
[BlackElo "464"]
[PlyCount "105"]
[EventDate "2014.??.??"]
[WhiteClock "0:12:43"]
[BlackClock "0:08:57"]

1. e4 e5 2. Nf3 Nc6 3. Bb5 Nf6 4. Nc3 Bb4 5. d3 d6 6. Bd2 O-O 7. O-O Nd4 8.
Nxd4 exd4 9. Ne2 Bc5 10. b4 Bb6 11. a4 a5 12. bxa5 Bxa5 13. Nxd4 Bg4 14. f3 Bd7
15. f4 Bg4 16. Qe1 Bb6 17. Be3 d5 18. e5 Nh5 19. h3 Bd7 20. Bxd7 Qxd7 21. g4
Rxa4 22. Rxa4 Qxa4 23. Nb3 Bxe3+ 24. Qxe3 g6 25. gxh5 gxh5 26. Qg3+ Kh8 27. Qh4
Rg8+ 28. Kh2 Qa2 29. Qf6+ Rg7 30. Rf2 Qa6 31. Qxa6 bxa6 32. Rg2 Rxg2+ 33. Kxg2
f5 34. Kg3 c6 35. Kh4 Kg7 36. Kxh5 Kf7 37. Kh6 Kg8 38. e6 Kf8 39. Kxh7 Ke7 40.
Kg6 Kxe6 41. h4 Ke7 42. Kg7 Ke6 43. h5 Ke7 44. h6 Ke8 45. h7 Ke7 46. h8=Q Kd6
47. Qf8+ Kc7 48. Qe7+ Kb6 49. Qc5+ Kc7 50. Kf7 d4 51. Ke7 Kc8 52. Qxc6+ Kb8 53.
Na5 1-0

[Event "Nationale Pupillendag 2014"]
[Site "Roosendaal"]
[Date "2014.06.21"]
[Round "3.13"]
[White "Tjong tjin Joe, Cat G01: Wesley"]
[Black "Rutten, Alexander"]
[Result "0-1"]
[WhiteElo "735"]
[BlackElo "434"]
[PlyCount "50"]
[EventDate "2014.??.??"]
[WhiteClock "0:16:41"]
[BlackClock "0:17:22"]

1. e4 e5 2. Nf3 Nc6 3. Bc4 Nf6 4. Ng5 d5 5. exd5 Nxd5 6. Qf3 Be6 7. d3 Be7 8.
Nxe6 fxe6 9. Bxd5 exd5 10. Qxd5 Qxd5 11. O-O Bf6 12. Nc3 Qd7 13. Be3 Nd4 14.
Rac1 O-O 15. Rfe1 Nc6 16. Bd2 Rad8 17. Re3 Bg5 18. Re2 Bxd2 19. Rxd2 Qf5 20.
Nb5 Qg5 21. Rdd1 Rd7 22. Re1 a6 23. Nc3 Rdf7 24. Rf1 Rxf2 25. Ne4 Qxg2# 0-1